Imitations / (Record no. 166403)

MARC details
000 -LEADER
campo de control de longitud fija 00931nam a22002415i 4500
001 - NÚMERO DE CONTROL
campo de control 166403
003 - IDENTIFICADOR DE NÚMERO DE CONTROL
campo de control ES-MaACL
005 - FECHA Y HORA DE LA ÚLTIMA TRANSACCIÓN
campo de control 20260316165935.0
008 - DATOS DE LONGITUD FIJA--INFORMACIÓN GENERAL
campo de control de longitud fija 050916s1900 fr | |||||||| ||fre d
040 ## - FUENTE DE CATALOGACIÓN
Centro catalogador/agencia de origen CAM
Lengua de catalogación spa
Centro/agencia transcriptor CAM
100 1# - ENTRADA PRINCIPAL--NOMBRE DE PERSONA
Nombre de persona Tolstói, Lev,
Fechas asociadas al nombre 1828-1910
9 (RLIN) 110489
245 10 - MENCIÓN DEL TÍTULO
Título Imitations /
Mención de responsabilidad, etc. Léon Tolstoï; traduit du russe par E. Halpérine-Kaminsky.
250 ## - MENCION DE EDICION
Mención de edición 2e éd.
260 ## - PUBLICACIÓN, DISTRIBUCIÓN, ETC.
Lugar de publicación, distribución, etc. Paris :
Nombre del editor, distribuidor, etc. Société d'Editions Littéraires et Artistiques, Librairie Paul Ollendorff,
Fecha de publicación, distribución, etc. 1900 (
Lugar de fabricación/manufactura Chatillon-Sur-Seine :
Fabricante A. Pichat)
300 ## - DESCRIPCIÓN FÍSICA
Extensión XI, 230 p. ;
Dimensiones 19 cm.
490 1# - MENCIÓN DE SERIE
Mención de serie Les grands romans étrangers
598 ## - NOTA LOCAL
Nota local La mención de serie consta en la cub. original.
700 1# - ENTRADA AGREGADA--NOMBRE PERSONAL
Nombre de persona Gal'perin-Kaminskij, Il'â Danilovic,
Fechas asociadas al nombre 1858-1936
9 (RLIN) 127773
830 0# - PUNTO DE ACCESO ADICIONAL DE SERIE-TÍTULO UNIFORME
Título uniforme Les grands romans étrangers
9 (RLIN) 188618
852 ## - LOCALIZACIÓN
Ubicación ES-MaACL
Número de control de estantería F-9574
Nota libre -- Enc. hol. conservando la cub. original
Holdings
Estatus retirado Estado de pérdida Estado de daño No para préstamo Colección Biblioteca de origen Biblioteca actual Ubicación en estantería Fecha de adquisición Fuente de adquisición Total de préstamos Signatura topográfica completa Código de barras Visto por última vez Precio de reemplazo Tipo de ítem Koha
        Libros del s. XIX Biblioteca del Ateneo de Madrid Biblioteca del Ateneo de Madrid Sala Pecera Planta 2 17/01/2008     F-9574 1174524 23/02/2023 23/02/2023 Libro impreso antiguo